[Event "GRE-chT"]
[Site "Athens"]
[Date "1996.??.??"]
[Round "6"]
[White "Karanikolas, Dimitrios"]
[Black "Papastavropoulos, Andreas"]
[Result "1-0"]
[WhiteElo "2165"]
[BlackElo "2245"]

1.e4 c5 2.Nf3 Nc6 3.Bb5 Qc7 4.O-O Nf6 5.Re1 Ne5 6.Nxe5 Qxe5 7.Nc3 a6 8.Bf1 g5
9.b3 h5 10.Bb2 Ng4 11.g3 f6 12.d4 Qxd4 13.Qxd4 cxd4 14.Nd5 Kf7 15.Bxd4 b5
16.a4 Rb8 17.axb5 axb5 18.Red1 Bb7 19.h3 Bxd5 20.exd5 Ne5 21.Bxe5 fxe5 22.Ra7 Ke8
23.Bd3 Rh6 24.Rda1 h4 25.Kg2 Rd6 26.Ra8 Rb6 27.R1a6 Kf7 28.Rxb8 Rxb8 29.Rg6 Bg7
30.Rxg5 Bf6 31.Rg4 e6 32.dxe6+ Kxe6 33.Rb4 d5 34.Rxb5 Rc8 35.c4 d4 36.g4 Rd8
37.Rb6+ Ke7 38.Rb7+ Kd6 39.b4 Be7 40.c5+ Ke6 41.Bc4+ Kf6 42.g5+ Kxg5 43.Rxe7 Kf6
44.Rf7+ Kg6 45.c6 d3 46.Rd7  1-0

[Event "GRE-chT"]
[Site "Athens"]
[Date "1996.??.??"]
[Round "6"]
[White "Drakopoulos, Anastasios"]
[Black "Tsorbatzoglou, Theodoros"]
[Result "0-1"]
[WhiteElo "2120"]
[BlackElo "2265"]

1.e4 c5 2.Nf3 Nc6 3.Bb5 g6 4.O-O Bg7 5.Re1 Nf6 6.c3 O-O 7.d4 cxd4 8.cxd4 d5
9.e5 Ne4 10.Nc3 Bf5 11.Nh4 Nxc3 12.bxc3 Bd7 13.Bd3 e6 14.Nf3 Rc8 15.Rb1 Na5
16.Bg5 f6 17.exf6 Bxf6 18.Bxf6 Qxf6 19.Qd2 Rc7 20.Ne5 Nc6 21.Nxc6 Bxc6 22.Re3 Bd7
23.Bf1 b5 24.g3 Rb8 25.Rbe1 Rb6 26.Bg2 Qg5 27.h4 Qf6 28.Rf3 Qg7 29.Qg5 Rc8
30.Rfe3 Kh8 31.h5 gxh5 32.Qxh5 b4 33.cxb4 Rxb4 34.Bxd5 Rb5 35.Re5 Rxd5 36.Rxd5 exd5
37.Qh4 Re8 38.Rc1 Qe7 39.Qf4 Qe4 40.Qf6+ Kg8 41.Qg5+ Kh8 42.Qf6+ Kg8 43.Qg5+ Qg6  0-1

[Event "GRE-chT"]
[Site "Athens"]
[Date "1996.??.??"]
[Round "7"]
[White "Ignatiadis, Konstantinos"]
[Black "Porfiriadis, Sotirios"]
[Result "1/2-1/2"]
[WhiteElo "2140"]
[BlackElo "2315"]

1.e4 c5 2.Nf3 Nc6 3.Bb5 d6 4.O-O Bd7 5.Nc3 g6 6.d3 Bg7 7.Be3 a6 8.Bxc6 Bxc6
9.Qd2 e5 10.Ne1 Ne7 11.f4 exf4 12.Bxf4 O-O 13.Nf3 b5 14.Bh6 b4 15.Bxg7 Kxg7
16.Ne2 Qb6 17.Kh1 d5 18.Ng3 h6 19.Qf4 dxe4 20.dxe4 Qb8 21.Qe3 Bb5 22.Rfe1 Qc7
23.c3 a5 24.Rac1 Rac8 25.cxb4 axb4 26.a3 bxa3 27.Qxa3 Rfd8 28.Qc3+ Kg8 29.Qf6 Qd6
30.Qh4 Kg7 31.e5 Qe6 32.Qf6+ Kg8 33.Qxe6 fxe6 34.Ne4 Bc6 35.Nd6 Rb8 36.Re2 Nf5
37.Rd2 Bxf3 38.gxf3 Nxd6 39.Rxd6 Rxd6 40.exd6 Rd8  1/2-1/2

[Event "AUT-chT2W 9596"]
[Site "Austria"]
[Date "1996.??.??"]
[Round "?"]
[White "Mathe, Gaspar"]
[Black "Doskocil, Klaus"]
[Result "1-0"]
[WhiteElo "2415"]
[BlackElo "2355"]

1.e4 c5 2.Nf3 Nc6 3.Bb5 g6 4.c3 Bg7 5.O-O Nf6 6.Re1 O-O 7.h3 d6 8.d4 cxd4
9.cxd4 Qb6 10.Nc3 a6 11.Bf1 Nd7 12.Be3 Qxb2 13.Na4 Qa3 14.Bc1 Qb4 15.Bd2 Bxd4
16.Bxb4 Bxa1 17.Bxd6 Bg7 18.Bf4 Nd8 19.Qc1 b5 20.Nc3 Bb7 21.Bh6 Rc8 22.Bxg7 Kxg7
23.Qe3 Nc6 24.e5 Nd8 25.a3 Ne6 26.Nd4 Ndc5 27.Nce2 Rfd8 28.g3 Rd7 29.Bg2 Bxg2
30.Kxg2 Rdc7 31.Rc1 Nxd4 32.Nxd4 e6 33.h4 h5 34.g4 hxg4 35.h5 gxh5 36.Rh1 Kf8
37.Rxh5 Ke8 38.Qf4 Re7 39.Nxb5  1-0

[Event "AUT-chT2W 9596"]
[Site "Austria"]
[Date "1996.??.??"]
[Round "?"]
[White "Doskocil, Klaus"]
[Black "Reich, Thomas"]
[Result "0-1"]
[WhiteElo "2355"]
[BlackElo "2400"]

1.e4 c5 2.Nf3 Nc6 3.Bb5 g6 4.O-O Bg7 5.Re1 e5 6.d3 Nge7 7.a4 O-O 8.Nc3 d6
9.h3 h6 10.Bc4 Kh7 11.Nh2 f5 12.exf5 gxf5 13.Nd5 Be6 14.Nxe7 Qxe7 15.Bxe6 Qxe6
16.c3 d5 17.Rb1 b6 18.Bd2 Rad8 19.b4 cxb4 20.cxb4 e4 21.b5 Ne5 22.Bb4 Rfe8
23.dxe4 dxe4 24.Qe2 Nd3 25.Red1 Qg6 26.Bd2 Rg8 27.g3 Bd4 28.Be3 Bxe3 29.Qxe3 f4
30.Qe2 fxg3 31.Ng4 gxf2+ 32.Kf1 Rdf8 33.Rbc1 Nxc1 34.Rxc1 h5 35.Rc7+ Rg7
36.Rxg7+ Kxg7 37.Nxf2 Qf6 38.Kg1 Qxf2+ 39.Qxf2 Rxf2 40.Kxf2 Kf6 41.Ke3 Ke5
42.Ke2 Kf4 43.Kf2 h4  0-1

[Event "AUT-chT2O 9697"]
[Site "Austria"]
[Date "1996.??.??"]
[Round "?"]
[White "Schwab, Rene"]
[Black "Fusi, Christopher"]
[Result "1-0"]
[WhiteElo "2270"]
[BlackElo "2210"]

1.e4 c5 2.Nf3 Nc6 3.Bb5 g6 4.O-O Bg7 5.Re1 e5 6.h3 Nge7 7.c3 O-O 8.Na3 a6
9.Bf1 d5 10.d3 d4 11.cxd4 cxd4 12.Nh2 Be6 13.f4 f6 14.Nf3 Kh8 15.g4 b5 16.Re2 Qd6
17.f5 Bf7 18.Nc2 gxf5 19.gxf5 Rg8 20.Rg2 Bf8 21.Nh2 Rxg2+ 22.Bxg2 Ng8 23.Qe1 Nb4
24.Nxb4 Qxb4 25.Qxb4 Bxb4 26.Bf3 Rc8 27.a3 Bf8 28.Bd1 b4 29.axb4 Bxb4 30.Nf1 Be8
31.Kf2 Bb5 32.Ke2 Ne7 33.Bb3 Nxf5 34.exf5 e4 35.Kf2 Bxd3 36.Bh6 Rc5 37.Ng3 e3+
38.Kf3 Re5 39.Rc1 Rc5 40.Rxc5 Bxc5 41.Nh5  1-0

[Event "AUT-chT2O 9697"]
[Site "Austria"]
[Date "1996.??.??"]
[Round "1"]
[White "Schuh, Franz"]
[Black "Boehsmueller, Raimund"]
[Result "0-1"]
[WhiteElo "2280"]
[BlackElo "2310"]

1.e4 c5 2.Nf3 Nc6 3.Bb5 g6 4.O-O Bg7 5.Re1 e5 6.c3 Nge7 7.d3 O-O 8.Be3 d6
9.Na3 a6 10.Bc4 b5 11.Bb3 h6 12.h3 Kh7 13.d4 exd4 14.cxd4 c4 15.Bc2 d5 16.Qd2 Be6
17.Rad1 dxe4 18.Bxe4 Bd5 19.Bf4 Bxe4 20.Rxe4 Nd5 21.Be5 f6 22.Bg3 Qd7 23.Rde1 Rae8
24.R4e2 Ncb4 25.Nc2 Rxe2 26.Qxe2 Nd3 27.Rb1 Re8 28.Qd2 h5 29.Nce1 Bh6 30.Qa5 Nxe1
31.Rxe1 Rxe1+ 32.Nxe1 Qe6 33.Nf3 Bc1 34.Qd8 Bxb2 35.Be5 Bc1 36.Bd6 Bh6 37.Bf8 Bxf8
38.Qxf8 c3 39.Qc5 b4 40.Qc4 Qe4 41.Qc6 c2 42.Qd7+ Qe7  0-1

[Event "AUT-chT2S 9697"]
[Site "Austria"]
[Date "1996.??.??"]
[Round "2"]
[White "Riedner, Martin"]
[Black "Krebs, Johann"]
[Result "1-0"]
[WhiteElo "2180"]
[BlackElo "2130"]

1.e4 c5 2.Nf3 Nc6 3.Bb5 g6 4.O-O Bg7 5.c3 Nf6 6.Re1 O-O 7.d4 cxd4 8.e5 Nd5
9.cxd4 d6 10.Nc3 Nxc3 11.bxc3 Bg4 12.Bxc6 bxc6 13.exd6 exd6 14.h3 Bxf3 15.Qxf3 Re8
16.Bf4 d5 17.Qg3 Qa5 18.Re3 Re4 19.Rxe4 dxe4 20.Qe3 Qd5 21.Qe2 Rd8 22.Rb1 h5
23.Rb7 c5 24.Rb5 Rc8 25.Be3 a6 26.Rxc5 Rxc5 27.dxc5 Bxc3 28.Qxa6 Be5 29.Qa4 Kh7
30.Qc2 Bc7 31.h4 f5 32.Qd2 Qc6 33.g3 Kg8 34.Qd4 Kf7 35.Bg5 Ke6 36.a4 Be5
37.Qc4+ Kd7 38.Qb5 Bd4 39.Be3 Bc3 40.Qb3 Be5 41.a5 Bc7 42.Qa2 Kc8 43.a6 Kb8
44.Qg8+ Ka7 45.Qc8 g5 46.hxg5 h4 47.Bf4 hxg3 48.Qxc7+ Qxc7 49.Bxc7  1-0

[Event "AUT-chT9697"]
[Site "Austria"]
[Date "1996.??.??"]
[Round "2"]
[White "Wach, Markus"]
[Black "Brestian, Egon"]
[Result "1/2-1/2"]
[WhiteElo "2390"]
[BlackElo "2455"]

1.e4 c5 2.Nf3 Nc6 3.Bb5 e6 4.Bxc6 bxc6 5.O-O d6 6.e5 d5 7.d3 Ne7 8.b3 Ng6
9.c4 Be7 10.Bb2 O-O 11.Nc3 Qc7 12.Na4 a5 13.Qe2 Bd7 14.Ba3 Qa7 15.Nd2 f6
16.f4 fxe5 17.fxe5 Rxf1+ 18.Rxf1 Rf8 19.Rxf8+ Bxf8 20.g3 Be7 21.h4 Be8 22.Qe3 d4
23.Qe2 Nf8 24.Ne4 Nd7 25.Nd6 Qb8 26.Bxc5 Bg6 27.Qg4 Bf5 28.Qxd4 Nxc5 29.Qxc5 Bxd3
30.Qxc6 Qf8 31.Qg2 Bxd6 32.exd6 Qxd6 33.Kh2 Qd4 34.Qa8+ Kf7 35.Qf3+ Ke7 36.Qf4 Be4
37.Nc3 Qxc3 38.Qxe4 Qd2+ 39.Kh3 h6 40.Qe5 g5 41.hxg5 hxg5 42.a3 Qc1 43.Kg4 Kf7
44.b4 axb4 45.axb4 Qxc4+ 46.Kxg5 Qxb4 47.Qf6+ Kg8 48.Qxe6+ Kg7 49.Qf6+ Kh7
50.Qf7+ Kh8 51.Qe8+ Kg7 52.Qd7+ Kg8 53.Qd5+ Kg7 54.Kh5 Qb6 55.Qd7+ Kg8 56.g4 Qc5+
57.g5 Qb6 58.Qd5+ Kg7 59.Qe5+ Kf7 60.Qf5+ Kg7 61.Qd7+ Kg8 62.Qe8+ Kg7 63.Qe7+ Kg8
64.Qe5 Qc6 65.Qb8+ Kg7 66.Qb2+ Kg8 67.Qa2+ Kg7 68.Qa1+ Kg8 69.Qd1 Qe8+  1/2-1/2

[Event "AUT-chT2S 9697"]
[Site "Austria"]
[Date "1996.??.??"]
[Round "5"]
[White "Jochinger, Ferdinand"]
[Black "Titz, Heimo"]
[Result "1/2-1/2"]
[WhiteElo "2325"]
[BlackElo "2240"]

1.e4 c5 2.Nf3 Nc6 3.Bb5 d6 4.O-O Bd7 5.d4 cxd4 6.Nxd4 Nf6 7.Re1 e6 8.c4 Rc8
9.Nxc6 Bxc6 10.Bxc6+ Rxc6 11.b3 Be7 12.Bb2 O-O 13.Nc3 a6 14.Qe2 Qa5 15.e5 dxe5
16.Qxe5 Qxe5 17.Rxe5 Rd8 18.Re2 Bb4 19.a3 Bxc3 20.Bxc3 b5 21.Bxf6 gxf6 22.cxb5 axb5
23.a4 bxa4 24.bxa4 Rd4 25.f3 Ra6 26.Re4 Rd5 27.Rg4+ Kf8 28.Rb1 Ra7 29.Rh4 h5
30.Rb5 Ra5 31.Rxa5 Rxa5 32.Kf2 Ke7 33.Ke3 Kd6 34.Kd3 Rg5 35.Rd4+ Kc6 36.g3 Ra5
37.Rc4+ Kd6 38.g4 hxg4 39.fxg4 f5 40.g5 e5 41.h4 e4+ 42.Ke2 Ke5 43.h5 Kf4
44.g6 fxg6 45.hxg6 Ra7 46.Rc8 Rg7 47.Rc6 Ra7 48.Rc8 Rg7 49.Rc6 Ke5 50.a5 f4
51.a6 Kf5 52.Rb6 Kg4 53.Rf6 Kg3 54.Re6 e3 55.Rf6 Kg4 56.Rf8 Kg5 57.Kf3 Ra7
58.Rxf4 Kxg6 59.Ra4 Kf5 60.Kxe3 Ke5 61.Kd3 Kd5 62.Kc3 Kc5 63.Ra5+ Kb6 64.Kb4 Rxa6  1/2-1/2

[Event "AUT-chT9697"]
[Site "Austria"]
[Date "1996.??.??"]
[Round "5"]
[White "Lendwai, Reinhard"]
[Black "Volkmann, Friedrich"]
[Result "0-1"]
[WhiteElo "2370"]
[BlackElo "2380"]

1.e4 c5 2.Nf3 Nc6 3.Bb5 e6 4.Bxc6 bxc6 5.d3 Ne7 6.O-O Ng6 7.Ng5 e5 8.Qh5 Be7
9.Nc3 d6 10.f4 Bxg5 11.fxg5 Be6 12.Be3 c4 13.d4 Qb6 14.Qd1 Qxb2 15.Qd2 O-O
16.Rab1 Qa3 17.d5 cxd5 18.exd5 Bc8 19.Nb5 c3 20.Nxa3 cxd2 21.Bxd2 Ba6 22.c4 Rfc8
23.Rb4 Rd8 24.Ra4 Bc8 25.Be3 a6 26.Rb4 Kf8 27.Rb6 Ke8 28.Nc2 Rd7 29.Rfb1 Ne7
30.Bf2 Rc7 31.Na3 Bf5 32.R1b3 Nxd5 33.Rxd6 Nf4 34.h4 Be6 35.Bb6 Rcc8 36.g3 Ng6
37.Rc3 Ke7 38.Rd2 Nf8 39.Re2 Nd7 40.Be3 Rc6 41.Rb2 Rac8 42.Rb4 Nc5 43.Rc2 Rd8
44.Rd2 Rxd2 45.Bxd2 Ne4 46.Rb7+ Kd8 47.Bb4 Nxg3 48.Rb8+ Bc8 49.Bf8 g6 50.Bg7 e4
51.Bf6+ Kd7 52.Nc2 Nf5 53.Nb4 Rxc4 54.Nd5 Kd6 55.Nb6 Rc1+ 56.Kh2 Be6 57.Rd8+ Kc7
58.Na8+ Kb7 59.Be5 e3 60.Rb8+ Ka7  0-1

[Event "AUT-chT9697"]
[Site "Austria"]
[Date "1996.??.??"]
[Round "6"]
[White "Mahdi, Khaled"]
[Black "Hanel, Reinhard"]
[Result "1/2-1/2"]
[WhiteElo "2390"]
[BlackElo "2350"]

1.e4 c5 2.Nf3 Nc6 3.Bb5 g6 4.O-O Bg7 5.Bxc6 dxc6 6.d3 Nf6 7.Re1 O-O 8.a4 Ne8
9.h3 Nc7 10.e5 Ne6 11.Be3 b6 12.a5 Rb8 13.axb6 axb6 14.Ra4 f5 15.Qc1 f4 16.Bd2 g5
17.Nc3  1/2-1/2

[Event "AUT-chT2S 9697"]
[Site "Austria"]
[Date "1996.??.??"]
[Round "7"]
[White "Kornprat, M."]
[Black "Scheck, Rudolf"]
[Result "0-1"]
[WhiteElo "2040"]
[BlackElo "2185"]

1.e4 c5 2.Nf3 Nc6 3.Bb5 Nf6 4.e5 Nd5 5.O-O g6 6.Nc3 Nc7 7.Bxc6 dxc6 8.d3 Bg7
9.Bf4 O-O 10.h3 Be6 11.Qd2 Bd5 12.Nxd5 Qxd5 13.Bh6 Ne6 14.Bxg7 Kxg7 15.Rfe1 Rfd8
16.Qe3 c4 17.dxc4 Qxc4 18.Qe2 Qxe2 19.Rxe2 h5 20.h4 Rd5 21.g3 Rad8 22.Kg2 a5
23.Rae1 Rb5 24.b3 Rc5 25.a4 Rc3 26.Ng5 Nd4 27.Rd1 Rd5 28.Red2 Nxc2 29.Rxd5 cxd5
30.Rxd5 Rxb3 31.Rxa5 Nd4 32.Rd5 Nf5 33.Rd7 Rb2 34.Kf1 Kf8 35.Rd8+ Kg7 36.Rd7 Rb1+
37.Kg2 Rb2 38.Kf1 Kf8 39.Rd8+ Kg7 40.Rd7 Rb4 41.a5 Rb5 42.e6 f6 43.Nh3 Rxa5
44.Rxb7 Re5 45.Nf4 Kh6 46.Rb2 g5 47.hxg5+ fxg5 48.Re2 Rxe2 49.Nxe2 Kg6 50.Nc3 Nd4
51.Nd5 Nc6 52.Kg2 Kf5 53.Kh3 Kxe6 54.Nxe7 Kxe7 55.f4 g4+ 56.Kh4 Kf6 57.Kxh5 Kf5
58.Kh6 Nd4  0-1

[Event "AUT-chT2S 9697"]
[Site "Austria"]
[Date "1996.??.??"]
[Round "7"]
[White "Raffalt, Manfred"]
[Black "Titz, Heimo"]
[Result "0-1"]
[WhiteElo "2325"]
[BlackElo "2205"]

1.e4 c5 2.Nf3 Nc6 3.Bb5 d6 4.b4 cxb4 5.Bb2 a6 6.Bc4 Nf6 7.d4 Bg4 8.Nbd2 e6
9.O-O d5 10.Bd3 Be7 11.e5 Nd7 12.Re1 Rc8 13.Nf1 Qb6 14.h3 Bxf3 15.Qxf3 Nxd4
16.Qg4 Nxc2 17.Qxg7 Rf8 18.Rac1 b3 19.Re2 bxa2 20.Rexc2 Rxc2 21.Rxc2 Qxb2
22.Rxb2 a1=Q 23.Rxb7 Qxe5 24.Qxe5 Nxe5 25.Bxa6 f5 26.Nd2 Kf7 27.f4 Ng6 28.g3 Ra8
29.Bb5 Ra3 30.Kf2 Ra2 31.Ke3 Kf6 32.Be8 Bc5+ 33.Kd3 Ne7 34.Nb3 Ra3 35.Kc2 Be3
36.Kd3 Ra7 37.Rb5 Bf2 38.g4 Ng6 39.g5+ Ke7 40.Bxg6 hxg6 41.Ke2 Ra2+ 42.Kd3 Ra4
43.Rb7+ Kd6 44.Rg7 Rxf4 45.Na5 Bb6 46.Nb3 Rf3+ 47.Kc2 Rxh3 48.Rxg6 Rg3 49.Rg8 Be3
50.g6 Ke5 51.Na5 Bh6 52.Nc6+ Ke4 53.Nd8 d4 54.Nxe6 d3+ 55.Kb2 d2 56.Rd8 Rxg6
57.Nc5+ Kf3 58.Nb3 Rb6 59.Kc3 Rc6+ 60.Kb2 Rc7 61.Nxd2+ Bxd2 62.Rxd2 f4 63.Rd8 Kf2
64.Rd2+ Ke3 65.Rd8 f3 66.Re8+ Kd2 67.Rd8+ Ke1 68.Re8+ Kf1 69.Rf8 f2 70.Re8 Rg7  0-1

[Event "AUT-chT9596"]
[Site "?"]
[Date "1996.??.??"]
[Round "?"]
[White "Lendwai, Reinhard"]
[Black "Hanel, Reinhard"]
[Result "1/2-1/2"]
[WhiteElo "2375"]
[BlackElo "2360"]

1.e4 c5 2.Nf3 Nc6 3.Bb5 g6 4.O-O Bg7 5.Re1 Nf6 6.Bxc6 dxc6 7.h3 O-O 8.d3 Ne8
9.Nbd2 Nc7 10.a4 Ne6 11.a5 Rb8 12.Nc4 Qc7 13.Be3 b5 14.axb6 axb6 15.Ra2 Bb7
16.Qd2 Ra8 17.Rea1 Rxa2 18.Rxa2 Ra8  1/2-1/2

[Event "AUT-chT9596"]
[Site "?"]
[Date "1996.??.??"]
[Round "?"]
[White "Kranzl, Peter"]
[Black "Cigan, Stefan"]
[Result "1/2-1/2"]
[WhiteElo "2225"]
[BlackElo "2370"]

1.e4 c5 2.Nf3 Nc6 3.Bb5 g6 4.O-O Nf6 5.Re1 Bg7 6.c3 O-O 7.d4 cxd4 8.cxd4 d5
9.e5 Ne4 10.Nc3 Nxc3 11.bxc3 Qa5 12.Qa4 Qxa4 13.Bxa4 Bf5 14.Bxc6 bxc6 15.Ba3 Rfe8
16.Nd2  1/2-1/2

[Event "AUT-chT9596"]
[Site "?"]
[Date "1996.??.??"]
[Round "?"]
[White "Plachetka, Jan"]
[Black "Horvath, Jozsef"]
[Result "1/2-1/2"]
[WhiteElo "2440"]
[BlackElo "2505"]

1.e4 c5 2.Nf3 Nc6 3.Bb5 g6 4.O-O Bg7 5.Bxc6 dxc6 6.h3 Nf6 7.d3 O-O 8.Nc3 Ne8
9.Be3 b6 10.Qd2 e5 11.Bh6 f6 12.Bxg7 Nxg7 13.Ne2  1/2-1/2

[Event "AUT-ch"]
[Site "AUT"]
[Date "1996.??.??"]
[Round "5"]
[White "Wach, Markus"]
[Black "Lehner, Oliver"]
[Result "1-0"]
[WhiteElo "2390"]
[BlackElo "2320"]

1.e4 c5 2.Nf3 Nc6 3.Bb5 e6 4.Bxc6 dxc6 5.O-O Ne7 6.b3 Ng6 7.Bb2 f6 8.e5 f5
9.d3 Be7 10.a4 b6 11.Nfd2 O-O 12.f4 Kh8 13.Qh5 Bd7 14.g3 Be8 15.Qe2 Rg8 16.Rf2 Nf8
17.h4 Bf7 18.Rh2 Qe8 19.h5 g5 20.hxg6 Rxg6 21.Kf2 Nd7 22.Na3 Qf8 23.Rah1 Bg8
24.Qf3 Rc8 25.Ndc4 h6 26.Nd6 Rc7 27.Nac4 Kh7 28.Ne3 Qg7 29.Ne8  1-0

[Event "AUT-chT2O 9596"]
[Site "AUT"]
[Date "1996.??.??"]
[Round "8"]
[White "Schueller, Ernst"]
[Black "Schirmbeck, Hannes"]
[Result "1/2-1/2"]
[WhiteElo "2240"]
[BlackElo "2175"]

1.e4 c5 2.Nf3 Nc6 3.Bb5 g6 4.O-O Bg7 5.c3 Nf6 6.e5 Nd5 7.d4 cxd4 8.cxd4 O-O
9.Nc3 Nxc3 10.bxc3 Qa5 11.Qa4 Qc7 12.Bf4 a6 13.Qa3 Rd8 14.Be2 d6 15.exd6 exd6
16.Rad1 Na5 17.Qc5 Qxc5 18.dxc5 Bxc3 19.Bxd6 Be6 20.Rd3 Bf6 21.Bc7 Rxd3 22.Bxd3 Bd8
23.Bxa5 Bxa5 24.Be4 Rc8 25.Bxb7 Rxc5 26.Bxa6 Bxa2 27.h3 Rc2 28.Bd3 Rb2 29.Rc1 Bb6
30.Rc2 Rxc2 31.Bxc2 Kg7  1/2-1/2

[Event "Bagneux"]
[Site "Bagneux"]
[Date "1996.??.??"]
[Round "5"]
[White "Pedzich, Dominik"]
[Black "Zigura, Oleg"]
[Result "1-0"]
[WhiteElo "2425"]
[BlackElo "2335"]

1.e4 c5 2.Nf3 Nc6 3.Bb5 g6 4.O-O Bg7 5.c3 Nf6 6.e5 Nd5 7.d4 cxd4 8.cxd4 Nc7
9.Ba4 b5 10.Bb3 d5 11.h3 Bf5 12.Nc3 O-O 13.Nh4 Be4 14.Re1 a5 15.Nxe4 dxe4
16.Rxe4 a4 17.Bc2 Ne6 18.Nf3 Rc8 19.a3 Qd5 20.Bd2 f5 21.exf6 Rxf6 22.Bc3 Kh8
23.Re3 Ng5 24.Nxg5 Qxg5 25.Be4 Rd6 26.Bxc6 Rcxc6 27.Qf3 Kg8 28.Rae1 Rf6 29.Qe2 Rf7
30.Rxe7 Rxe7 31.Qxe7 Qxe7 32.Rxe7 b4 33.d5 Rxc3 34.bxc3 bxa3  1-0

[Event "Bagneux"]
[Site "Bagneux"]
[Date "1996.??.??"]
[Round "7"]
[White "Zigura, Oleg"]
[Black "De Sousa, Jose"]
[Result "1-0"]
[WhiteElo "2335"]
[BlackElo "2265"]

1.e4 c5 2.Nf3 Nc6 3.Bb5 d6 4.d4 cxd4 5.Qxd4 Bd7 6.Bxc6 Bxc6 7.Bg5 Nf6 8.Bxf6 gxf6
9.Nc3 e6 10.O-O Be7 11.Rfe1 O-O 12.Qe3 Kh8 13.Nd4 Rg8 14.Rad1 Qb6 15.b3 Rad8
16.Nd5 exd5 17.exd5 Bxd5 18.Qxe7 Rxg2+ 19.Kf1 Rg6 20.Nf5 Qb5+ 21.Rd3 Rc8
22.Ng3 Be6 23.c4 Bh3+ 24.Kg1 Qc6 25.Rd5 Be6 26.Rxd6 Qf3 27.Re3 Qf4 28.Kf1 Rcg8
29.Rd8 Rxd8 30.Qxd8+ Rg8 31.Qd3 Qh4 32.Kg1 h5 33.Qe4 Qg5 34.h4 Qh6 35.Kf1 Rd8
36.Qxb7 Bh3+ 37.Kg1 Qf4 38.Qf3 Qxh4 39.Qxh5+ Qxh5 40.Nxh5 Rd2 41.Rxh3  1-0

[Event "Balatonbereny op"]
[Site "Balatonbereny"]
[Date "1996.??.??"]
[Round "1"]
[White "Bezgodov, Alexei"]
[Black "Fleger, Herbert"]
[Result "1-0"]
[WhiteElo "2485"]
[BlackElo "2275"]

1.e4 c5 2.Nf3 Nc6 3.Bb5 g6 4.O-O Bg7 5.c3 Nf6 6.Qe2 O-O 7.d3 d6 8.Bg5 Bg4
9.Bxc6 Bxf3 10.Qxf3 bxc6 11.Nd2 Rb8 12.Rab1 Qc8 13.a3 Qe6 14.Qe2 Rb7 15.Rfe1 Rfb8
16.Nc4 Nd7 17.Rbd1 Ne5 18.Bc1 Nxc4 19.dxc4 a5 20.f4 a4 21.g4 Kh8 22.f5 gxf5
23.gxf5 Qf6 24.Qh5 Rg8 25.Kh1 Qe5 26.Re3 Bf6 27.Rh3 Rg7 28.Bh6  1-0

[Event "Balatonbereny op"]
[Site "Balatonbereny"]
[Date "1996.??.??"]
[Round "3"]
[White "Hera, Imre Jr"]
[Black "Fleger, Herbert"]
[Result "0-1"]
[WhiteElo "2020"]
[BlackElo "2275"]

1.e4 c5 2.Nf3 Nc6 3.Bb5 g6 4.O-O Bg7 5.c3 Nf6 6.Re1 O-O 7.d4 cxd4 8.cxd4 d5
9.e5 Ne4 10.Nbd2 Nxd2 11.Bxd2 Qb6 12.Bxc6 bxc6 13.Re3 Bg4 14.Rb3 Bxf3 15.Qxf3 Qxd4
16.Bc3 Qa4 17.Rb7 Rab8 18.Rxe7 Rbe8 19.Rxe8 Rxe8 20.Qe3 Bf8 21.Bd4 Bd6 22.Qc3 Bb4
23.Qe3 Qa5 24.a3 Bd2 25.Qe2 Bh6 26.Qc2 Re6 27.g3 a6 28.f4 Bf8 29.b4 Qb5 30.Rb1 a5
31.a4 Qa6 32.b5 cxb5 33.Rxb5 Rc6 34.Qb3 Qc8 35.Qxd5 Rc1+ 36.Kg2 Qc2+ 37.Bf2 Qe2
38.e6 fxe6 39.Qd4 Qf1+ 40.Kf3 Qh1+ 41.Kg4 Be7 42.Kh3 Qf1+ 43.Kg4 Qe2+ 44.Kh3 h5
45.Rg5 Bxg5 46.fxg5 Qf1+ 47.Kh4 Rc4  0-1

[Event "Balatonbereny op"]
[Site "Balatonbereny"]
[Date "1996.??.??"]
[Round "6"]
[White "Turcan, Milan"]
[Black "Kleeschaetzky, Rainer"]
[Result "1/2-1/2"]
[WhiteElo "2150"]
[BlackElo "2295"]

1.e4 c5 2.Nf3 Nc6 3.Bb5 g6 4.Bxc6 dxc6 5.O-O Bg7 6.d3 e5 7.Be3 Qe7 8.Qd2 f6
9.Qc3 Bf8 10.Nbd2 Bd7 11.Nb3 b6 12.a4 a5 13.Nbd2 Bh6 14.Nc4 Bxe3 15.fxe3 Rb8
16.d4 cxd4 17.exd4 exd4 18.Qxd4 c5 19.Qd3 Nh6 20.Nd6+ Kf8 21.e5 f5 22.b3 Be6
23.Qe3 Kg7 24.Rad1 Rhf8 25.Ng5 Rbd8 26.Rd2 Ng4 27.Qf4 h6 28.Nxe6+ Qxe6 29.Re1 h5
30.h3 Nh6 31.Qc4 Qe7 32.Rde2 f4 33.Qe4 Nf5 34.Nxf5+ Rxf5 35.Qc6 Rdf8 36.Qe4 Qe6
37.Rd2 f3 38.Rf2 Re8 39.Rxf3 Rxe5 40.Qb7+ Re7 41.Rxe5 Qxe5 42.Qxb6 Qe1+ 43.Rf1 Qe3+
44.Kh1 Qc3 45.Qd8 Rf7 46.Rxf7+ Kxf7 47.Qd5+ Kf6 48.Qd8+ Kg7 49.Qe7+ Kh6 50.Qf8+ Kg5
51.Qe7+ Kf5 52.Qf7+ Kg5 53.Qe7+ Kf5 54.Qe2 Kf4 55.Qf2+ Ke5 56.Kh2 Qd4 57.Qe2+ Qe4
58.Qd1 Qf4+ 59.Kh1 Qe3 60.Qa1+ Ke4 61.Qf1 Ke5 62.Qd1 Qc3 63.Qe2+ Kd4 64.Qf2+ Ke5
65.Kh2 Qd4 66.Qe1+ Kf6 67.g3 Qe5 68.Qf2+ Kg7 69.h4 Qc3 70.Kg2 c4 71.Qa7+ Kh6
72.Qf2 Kg7 73.Qe2 cxb3 74.Qe7+ Kg8 75.Qe6+ Kg7 76.Qxb3 Qc6+ 77.Kf2 Qc5+ 78.Ke2 Qd4
79.c4 Qe4+ 80.Kd2 Qg2+ 81.Kc1 Kh7 82.Kb1 Qg1+ 83.Ka2 Qf2+ 84.Ka3 Qc5+ 85.Kb2 Qf2+
86.Kc1 Qe1+ 87.Kc2 Qf2+ 88.Kb1 Qg1+ 89.Ka2 Qf2+ 90.Qb2 Qxg3 91.Qb7+ Kh6  1/2-1/2

[Event "Balatonbereny IM-A"]
[Site "Balatonbereny"]
[Date "1996.??.??"]
[Round "6"]
[White "Horvath, Adam"]
[Black "Holzmann, Herbert"]
[Result "1-0"]
[WhiteElo "2250"]
[BlackElo "2230"]

1.e4 c5 2.Nf3 Nc6 3.Bb5 e6 4.O-O Nge7 5.b3 a6 6.Bxc6 bxc6 7.Bb2 Ng6 8.Re1 d6
9.d4 cxd4 10.Nxd4 e5 11.Nf3 Be7 12.c4 O-O 13.c5 Bg4 14.cxd6 Bxd6 15.h3 Be6
16.Ba3 Bxa3 17.Qxd8 Rfxd8 18.Nxa3 f6 19.Rac1 Rd6 20.Red1 Rad8 21.Rxd6 Rxd6
22.g3 Ne7 23.Nc4 Rd8 24.Kg2 Kf8 25.Na5 Rd7 26.Rc5 Ke8 27.Rc2 Rc7 28.Ne1 Kd8
29.Nd3 Bc8 30.Nc5 Ra7 31.Rd2+ Ke8 32.Nc4 Rc7 33.f3 Ng8 34.Nd6+ Ke7 35.Nxc8+ Rxc8
36.Rd7+ Ke8 37.Rxg7 Ne7 38.Rxh7 Rc7 39.h4 Ra7 40.h5 a5 41.a4 Kf8 42.h6 Kg8
43.Rg7+ Kh8 44.Kh3 Rc7 45.Kg4  1-0

[Event "Balatonbereny op"]
[Site "Balatonbereny"]
[Date "1996.??.??"]
[Round "6"]
[White "Das, Dipanjan"]
[Black "Pal, Peter"]
[Result "1-0"]
[WhiteElo "2160"]
[BlackElo "2285"]

1.e4 c5 2.Nf3 Nc6 3.Bb5 g6 4.O-O Bg7 5.Bxc6 dxc6 6.Nc3 e5 7.a4 a5 8.b3 b6
9.Bb2 Qc7 10.d3 Nh6 11.Nb1 f6 12.Nbd2 Nf7 13.Nc4 Bg4 14.h3 Be6 15.c3 O-O
16.d4 Rfd8 17.Qc2 b5 18.Ne3 bxa4 19.bxa4 Qa7 20.dxe5 fxe5 21.c4 Rd4 22.Rfd1 Qe7
23.Nxd4 exd4 24.Nf1 Ne5 25.Nd2 Qg5 26.Qb3 Rf8 27.Ra3 d3 28.Bxe5 Bxe5 29.Qxd3 Rd8
30.Qe2 Bd4 31.Nf3 Qe7 32.e5 Kg7 33.Rb3 Qf7 34.Ng5 Bxc4 35.Nxf7 Bxe2 36.Nxd8 Bxd1
37.Rb7+ Kf8 38.e6 Ke8 39.Nxc6 Be5 40.Nxe5 Bxa4 41.Nc4  1-0

[Event "Balatonbereny op"]
[Site "Balatonbereny"]
[Date "1996.??.??"]
[Round "8"]
[White "Vujosevic, Vladimir"]
[Black "Grabics, Monika"]
[Result "1-0"]
[WhiteElo "2400"]
[BlackElo "2225"]

1.e4 c5 2.Nf3 Nc6 3.Bb5 g6 4.O-O Bg7 5.c3 e5 6.d4 cxd4 7.cxd4 exd4 8.Bf4 Nge7
9.Bd6 O-O 10.Nbd2 a6 11.Bc4 h6 12.a4 Na5 13.Bd5 Re8 14.b4 Nac6 15.Bc4 b6
16.Qb3 Rf8 17.Rfe1 Bb7 18.Rac1 Na7 19.Bc7 Qe8 20.Bxb6 d6 21.b5 axb5 22.axb5 Qd7
23.Ra1 Nac8 24.Rxa8 Bxa8 25.Bxd4 Bxd4 26.Nxd4 Nb6 27.Bf1 d5 28.e5 Kh7 29.N2f3 Nf5
30.Nxf5 Qxf5 31.Nd4 Qg4 32.Qb4 Rc8 33.h3 Qh4 34.g3 Rc4 35.Qxc4  1-0

[Event "Barbera op"]
[Site "Barbera"]
[Date "1996.??.??"]
[Round "1"]
[White "Zvjaginsev, Vadim"]
[Black "Asensio, Teodoro"]
[Result "1-0"]
[WhiteElo "2590"]
[BlackElo "2195"]

1.e4 c5 2.Nf3 Nc6 3.Bb5 g6 4.Bxc6 bxc6 5.O-O d6 6.d4 cxd4 7.Qxd4 f6 8.Rd1 Bg4
9.Qd3 Nh6 10.h3 Bd7 11.c4 c5 12.Nc3 Nf7 13.Nd5 Bg7 14.Bd2 O-O 15.Bc3 Ne5
16.Qe2 Nxf3+ 17.Qxf3 a5 18.Qe2 Rf7 19.Rd3 Bh6 20.Rad1 Ra7 21.h4 e6 22.Ne3 Bf4
23.g3 Be5 24.Ng4 Qf8 25.Qe3 Kh8 26.Bxe5 dxe5 27.Nxf6 Rxf6 28.Rxd7 Rxd7 29.Rxd7 Qc8
30.Qd2  1-0

[Event "Barbera op"]
[Site "Barbera"]
[Date "1996.??.??"]
[Round "4"]
[White "Ruiz Diez, Julio Cesar"]
[Black "Gomez Jurado, Luis Alberto"]
[Result "1-0"]
[WhiteElo "2215"]
[BlackElo "2300"]

1.e4 c5 2.Nf3 Nc6 3.Bb5 e5 4.O-O d6 5.c3 Bd7 6.d4 Qc7 7.Be3 Nf6 8.d5 Nb8
9.Bxd7+ Nbxd7 10.Nbd2 Be7 11.c4 O-O 12.Ne1 Ne8 13.Nd3 g6 14.Bh6 Ng7 15.f4 f5
16.Bxg7 Kxg7 17.fxe5 dxe5 18.exf5 gxf5 19.Qh5 f4 20.Rae1 Bd6 21.Ne4 Be7 22.Ng5 Bxg5
23.Qxg5+ Kh8 24.Nxe5 Nxe5 25.Rxe5 Rf7 26.Rxf4 Raf8 27.Rxf7 Qxf7 28.h3 Qf1+
29.Kh2 Qxc4 30.Re7 Qf4+ 31.Qxf4 Rxf4 32.d6  1-0

[Event "Barcelona op2"]
[Site "Barcelona"]
[Date "1996.??.??"]
[Round "?"]
[White "Ruiz Diez, Julio Cesar"]
[Black "Durban Piera, Joan"]
[Result "1-0"]
[WhiteElo "2215"]
[BlackElo "2245"]

1.e4 c5 2.Nf3 Nc6 3.Bb5 e6 4.Bxc6 bxc6 5.b3 d5 6.e5 Ba6 7.d3 c4 8.dxc4 dxc4
9.Qxd8+ Rxd8 10.Ba3 Ne7 11.Nbd2 Nd5 12.Bxf8 Rxf8 13.Nxc4 Bxc4 14.bxc4 Nb4
15.Ke2 Nxc2 16.Rab1 Na3 17.Rb4 Nc2 18.Ra4 f6 19.exf6 gxf6 20.Rd1 a5 21.Rxd8+ Kxd8
22.Rxa5 Kd7 23.Kd2 Nb4 24.a3 Na2 25.Kc2 Rb8 26.Nd2 f5 27.Ra7+ Kd6 28.Rxh7  1-0